000 00348nam a2200133Ia 4500
008 151001s9999||||xx |||||||||||||| ||und||
100 _aचि त्र्य खानोलकर
245 _aदीपमाळ
250 _a1
260 _bश्री प्रकाशन पुणे
260 _c1974
300 _a128
365 _b18
999 _c956476
_d956473